| 000 | 00879nas a2200289 4500 | ||
|---|---|---|---|
| 001 | BR2011006588 | ||
| 003 | BR-BrBNA | ||
| 005 | 20231205115205.0 | ||
| 007 | ta | ||
| 008 | 230509b bl.|||p| |||| 00| 00por d | ||
| 040 |
_aBR-BrBNA _bpor _cBiblioteca Nacional de Agricultura |
||
| 041 | _a(En) | ||
| 072 | _aL40 | ||
| 100 | 1 | _aFerreira, R.A.G.M.F.A. | |
| 100 | 1 | _aMarin, K.A. | |
| 100 | 1 | _aSilva, F.O.C. e | |
| 100 | 1 | _aFerreira, T.A.A. | |
| 245 | 1 | _aComparative anatomy of the thigh nerves of Cebus libidinosus (Rylands et al., 2000) | |
| 650 | _aMACACO PREGO | ||
| 650 | _aANATOMIA ANIMAL | ||
| 650 | _aNERVO | ||
| 650 | _aGENÉTICA | ||
| 650 | _aANÁLISE COMPARATIVA | ||
| 773 | 0 |
_tPesquisa Veterinária Brasileira (Brazil) _xISSN 0100-736X _g(Mar 2011), v. 31(3) p. 261-266 _wBR2011006588 |
|
| 909 |
_a202311 _bLúcia _c55 _dLúcia Elande |
||
| 942 |
_2AGRIS _n0 _cANA |
||
| 999 |
_c212519 _d212519 |
||